000
00444nam a2200169Ia 4500
003
LDD
008
190117s9999 xx 000 0 und d
020
_c
₹250
040
_c
LDD
041
_a
hi
082
_a
8h3.7 शु1166का
100
_a
शुक्ल, प्रयाग
245
0
_a
काई
_c
प्रयाग शुक्ल
260
_a
दिल्ली
_b
अनुराग
_c
1995
300
_a
72
942
_2
ddc
_c
H
999
_c
171858
_d
171858